Love: (Record no. 14790)

000 -LEADER
fixed length control field 00729nam a2200229 a 4500
001 - CONTROL NUMBER
control field :::00012624$&:&@@
003 - CONTROL NUMBER IDENTIFIER
control field OkBaRHE
005 - DATE AND TIME OF LATEST TRANSACTION
control field 20000607103421.0
008 - FIXED-LENGTH DATA ELEMENTS--GENERAL INFORMATION
fixed length control field s1988 j 000 0 eng u
040 ## - CATALOGING SOURCE
Transcribing agency
100 1# - MAIN ENTRY--PERSONAL NAME
Personal name St. Clair, Barry.
245 10 - TITLE STATEMENT
Title Love:
Remainder of title making it last.
260 ## - PUBLICATION, DISTRIBUTION, ETC. (IMPRINT)
Place of publication, distribution, etc San Bernadino, CA., :
Name of publisher, distributor, etc Here's Life Publishers
Date of publication, distribution, etc c1988
300 ## - PHYSICAL DESCRIPTION
Extent 158 p. ;
Dimensions 21 cm.
650 ## - SUBJECT ADDED ENTRY--TOPICAL TERM
Topical term or geographic name as entry element Dating (Social Customs)
650 ## - SUBJECT ADDED ENTRY--TOPICAL TERM
Topical term or geographic name as entry element Dating (Social Customs)
General subdivision Juvenile Literature
650 ## - SUBJECT ADDED ENTRY--TOPICAL TERM
Topical term or geographic name as entry element Interpersonal Relations
650 ## - SUBJECT ADDED ENTRY--TOPICAL TERM
Topical term or geographic name as entry element Love
General subdivision Juvenile Literature
700 ## - ADDED ENTRY--PERSONAL NAME
Personal name Jones, Bill, 1955-
942 ## - ADDED ENTRY ELEMENTS (KOHA)
Source of classification or shelving scheme
Koha item type Books
Copies
Date last seen Source of classification or shelving scheme Lost status Full call number Koha item type Price effective from Permanent Location Copy number Withdrawn status Shelving location Barcode Damaged status Not for loan Date acquired
2010-04-14  HQ 801 .S733Books2010-04-14RHEMA Bible Training College1 General Stacks12624  2010-04-14